| 000 | 00360pab a2200157 454500 | ||
|---|---|---|---|
| 008 | 180718b2011 xxu||||| |||| 00| 0 eng d | ||
| 100 | _aRoy, Sarat Chandra | ||
| 245 | _aPrimitive religion in Chotanagpur | ||
| 260 | _c2011 | ||
| 300 | _ap.421-427. | ||
| 362 | _aJul - Dec | ||
| 650 | _aReligion | ||
| 773 | _aMan in India | ||
| 908 | _aN | ||
| 909 | _a96136 | ||
| 999 |
_c96136 _d96136 |
||